Normal view
MARC view
- Advertising
Entry Topical Term
001 - CONTROL NUMBER
- control field: 9004
003 - CONTROL NUMBER IDENTIFIER
- control field: OSt
005 - DATE AND TIME OF LATEST TRANSACTION
- control field: 20170728103302.0
008 - FIXED-LENGTH DATA ELEMENTS
- fixed length control field: 170728|| aca||aabn | a|a d
040 ## - CATALOGING SOURCE
- Original cataloging agency: OSt
- Transcribing agency: OSt
150 ## - HEADING--TOPICAL TERM
- Topical term or geographic name entry element: Advertising
- General subdivision: Medicine
- General subdivision: Law and legislation
670 ## - SOURCE DATA FOUND
- Source citation: Work cat.: (OSt)0: Malaysia 400, Medicines [Advertisement and Sales] Act 1956 (Revised - 1983) (Akta 290) / Medicine Advertisements Board Regulations 1976 (P.U.(A) 283/76):, 2017

PORTAL AKMAL
E-MEL JKDM
AKMAL2U
G-BAM
u-PUSTAKA